| 000 | 00349nam a2200133Ia 4500 | ||
|---|---|---|---|
| 008 | 240624s9999 xx 000 0 und d | ||
| 041 | _aeng | ||
| 082 | _a658.4012 FAH | ||
| 100 | _aFAHY MARTIN | ||
| 245 | _aSTRATEGIC ENTERPRISE MANAGEMENT SYSTEMS | ||
| 260 |
_c2002 _aNew Delhi _bViva Books |
||
| 300 | _axiv, : 201 : p. : cm. ; 24 | ||
| 365 |
_cRS _b32 |
||
| 999 |
_c7679 _d7679 |
||